Chaîne de lettres Pokémon 7g - Statistiques

Statistiques générales
  • Ce quiz a été pris 33 fois
    17 depuis la dernière actualisation
  • Le résultat moyen est 12 sur 15
Statistiques - réponses
Hint Réponse % Correct
Ultra-Chimère ressamblant à un tas de brique Ama-ama
92%
Évolution final du starter Plante Archeduc
92%
Pré-évolution des légendaires sur la jaquette Cosmovum
92%
Il possède une forme diurne une forme nocturne et une forme crépusculaire Lougaroc
92%
Ultra-Chimère moustique Mouscoto
92%
Légendaire ayant volé la lumière de l'ultra-mégalopole Necrozma
92%
Évolution final du starter Eau Oratoria
92%
Légendaire de Soleil Solgaleo
92%
Gardien de l'ile d'Akala Tokopiyon
92%
Pokémon dragon agé Draïeul
83%
Dominant de type feu dans USUL Ossatueur (d'Alola)
75%
Premier dominant dans Soleil Argouste
67%
Fidèle partenaire du professeur Euphorbe Rocabot
67%
Pseudo-Légendaire Écaïd
50%
Pokémon venant chercher la team rocket lors des saisons 20 à 22 Chelours
42%
Aucun quiz correspondant
Distribution des résultats
% des personnes avec chaque résultat
Percentile par nombre de réponses
Votre historique - résultats
Vous n’avez pas pris ce quiz depuis la dernière actualisation